000 01054cam a2200301 a 4500
999 _c6818
_d6818
001 2861541
003 GBCCL
005 20241126110612.0
008 850627s1985 cauabf d 001 0 eng
010 _a 85042767
020 _a0060698632 (thumbindexes)
020 _a0060698624
040 _aDLC
_cDLC
_dOCoLC
_dDLC
050 0 0 _aBS440
_b.H237 1985
082 0 0 _a220.3
_219
_bHAR
245 0 0 _aHarper's Bible dictionary /
_cgeneral editor, Paul J. Achtemeier ; associate editors, Roger S. Boraas ... [et al.] with the Society of Biblical Literature.
250 _a1st ed.
260 _aSan Francisco :
_bHarper & Row,
_cc1985.
300 _axxii, 1178, [16] p., [8] p. of plates :
_bill. (some col.), col. maps ;
_c24 cm.
500 _aIncludes index.
630 0 0 _aBible
_xDictionaries.
_9510
700 1 _aAchtemeier, Paul J.
_94050
710 2 _aHarper & Row, Publishers.
_912223
710 2 _aSociety of Biblical Literature.
_912221
740 0 _aBible dictionary.
906 _a7
_bcbc
_corignew
_d1
_eocip
_f19
_gy-gencatlg
942 _2ddc
_cREF